书目信息 |
| 题名: |
创业维艰
|
|
| 作者: | 霍洛维茨 著 ;杨晓红 , 钟莉婷 , 杨晓红 , 钟莉婷 译 | |
| 分册: | ||
| 出版信息: | 北京 中信出版社 2015.03 |
|
| 页数: | X, 309页 | |
| 开本: | 22cm | |
| 丛书名: | 中信“奇点系列” | |
| 单 册: | ||
| 中图分类: | F279.712 , F279.712.3 | |
| 科图分类: | ||
| 主题词: | 企业管理--qi ye guan li--经验--美国 | |
| 电子资源: | ||
| ISBN: | 978-7-5086-4664-0 | |
| 000 | 01572nam 2200325 450 | |
| 001 | 2356847943 | |
| 005 | 20230315155004.43 | |
| 010 | @a978-7-5086-4664-0@b精装@dCNY49.00 | |
| 100 | @a20150318d2015 em y0chiy50 ea | |
| 101 | 1 | @achi@ceng |
| 102 | @aCN@b110000 | |
| 200 | 1 | @a创业维艰@Achuang ye wei jian@e如何完成比难更难的事@f(美) 本·霍洛维茨著;杨晓红, 钟莉婷译@F(mei)ben·huo luo wei ci zhu;yang xiao hong,zhong li ting yi@d= The hard thing about hard things@ebuilding a business when there are no easy answers@fBen Horowitz@g杨晓红, 钟莉婷译@zeng |
| 210 | @a北京@c中信出版社@d2015.03 | |
| 215 | @aX, 309页@d22cm | |
| 225 | 2 | @a中信“奇点系列”@Azhong xin “qi dian xi lie ” |
| 330 | @a本书内容包括: 从革命者到风险资本家 ; Loudcloud沉浮录: 我会活下去 ; 转型Opsware: 这一次, 跟着感觉走 ; 陷入绝境 ; 依次管理好人、产品和利润等。 | |
| 410 | 0 | @12001 @a中信“奇点系列” |
| 500 | 10 | @aHard thing about hard things : building a business when there are no easy answers@mChinese |
| 510 | @aThe hard thing about hard things@ebuilding a business when there are no easy answers | |
| 517 | 1 | @a如何完成比难更难的事@Aru he wan cheng bi nan geng nan de shi |
| 606 | 0 | @a企业管理@Aqi ye guan li@x经验@y美国 |
| 690 | @aF279.712@v5 | |
| 690 | @aF279.712.3@v4 | |
| 701 | 1 | @a霍洛维茨@Ahuo luo wei ci@g(Horowitz, Ben)@4著 |
| 702 | 0 | @a杨晓红@Ayang xiao hong@4译 |
| 702 | 0 | @a钟莉婷@Azhong li ting@4译 |
| 702 | 0 | @a杨晓红@Ayang xiao hong@4译 |
| 702 | 0 | @a钟莉婷@Azhong li ting@4译 |
| 801 | 0 | @aCN@b河南城建学院图书馆@c20150820 |
| 905 | @dF279.712.3@eH972@f3 | |
| 创业维艰:如何完成比难更难的事/(美) 本·霍洛维茨著;杨晓红, 钟莉婷译= The hard thing about hard things:building a business when there are no easy answers/Ben Horowitz/杨晓红, 钟莉婷译.-北京:中信出版社,2015.03 |
| X, 309页;22cm.-(中信“奇点系列”) |
| ←并列题名:The hard thing about hard things:building a business when there are no easy answers |
| ISBN 978-7-5086-4664-0(精装):CNY49.00 |
| 本书内容包括: 从革命者到风险资本家 ; Loudcloud沉浮录: 我会活下去 ; 转型Opsware: 这一次, 跟着感觉走 ; 陷入绝境 ; 依次管理好人、产品和利润等。 |
| ● |
| 相关链接 |
|
|
|
正题名:创业维艰
索取号:F279.712.3/H972
 
预约/预借
| 序号 | 登录号 | 条形码 | 馆藏地/架位号 | 状态 | 备注 |
| 1 | 1506004 | 215060047 | 招生就业处资料室/ [索取号:F279.712.3/H972] | 在馆 |